000 01251nam a22002177a 4500
001 5498
003 FISKH
005 20250123123155.0
008 241212b cb ||||| |||| 00| 0 eng d
020 _a9780198365846
040 _aFISKH
_beng
_cFISKH
_dFISKH
082 _a448.2
100 _aGlover, Stuart
245 _aAQA French foundation /
_cby Stuart Glover
260 _aOxford :
_bOxford University Press ,
_c2016.
300 _a206 pages :
_bcolor illustrations ;
_c27 cm .
520 _aOur bestselling AQA GCSE French course has been updated for the 2016 specification. This course offers brand new content, delivering the breadth and rigour required to develop the productive skills students need to manipulate language confidently and to prepare thoroughly for their exams. Itsdifferentiated approach (Foundation and Higher Student Books) helps to support your mixed-ability classes, and facilitate co-teaching and flexibility. The blend includes differentiated Student Books, and online resources delivered via popular Kerboodle.The audio to accompany this book is available to purchase on CD. It is also available to institutions via Kerboodle.
700 _aHarrison, Steven
_eillustrator
942 _2ddc
_cBK
_n0
999 _c5498
_d5498